| 000 | 00513nam a2200193Ia 4500 | ||
|---|---|---|---|
| 008 | 220531s9999 xx 000 0 und d | ||
| 041 | _aeng | ||
| 082 | _bPOS / JAM | ||
| 100 |
_aJames, Fredric _979861 |
||
| 245 | _aPostmodernism or, The Cultural logic of Late Capitalism | ||
| 250 | _a1ST | ||
| 260 |
_aNew Delhi _bABS Pub. _c2006 |
||
| 300 | _a438 | ||
| 542 | _d30-06-2016 | ||
| 551 |
_aSociology _bNon-grant-SCO |
||
| 650 |
_aSociology _979862 |
||
| 906 |
_d2016-2017 _f9132 |
||
| 999 |
_c44174 _d44174 |
||